Jane's C3I System 1989-90 / (Record no. 615147)

000 -LEADER
fixed length control field 00312nam a22001217a 4500
020 ## - INTERNATIONAL STANDARD BOOK NUMBER
International Standard Book Number 0710608764
082 ## - DEWEY DECIMAL CLASSIFICATION NUMBER
Classification number 358.24,JAN
245 ## - TITLE STATEMENT
Title Jane's C3I System 1989-90 /
Statement of responsibility, etc. Edited by Peter Rackham
260 ## - PUBLICATION, DISTRIBUTION, ETC.
Place of publication, distribution, etc. U. K
Name of publisher, distributor, etc. Jane Information Group
Date of publication, distribution, etc. 1989
300 ## - PHYSICAL DESCRIPTION
Extent 207 p
650 ## - SUBJECT ADDED ENTRY--TOPICAL TERM
Topical term or geographic name entry element C3I System
9 (RLIN) 131090
942 ## - ADDED ENTRY ELEMENTS (KOHA)
Source of classification or shelving scheme
Koha item type Book
Holdings
Withdrawn status Lost status Source of classification or shelving scheme Damaged status Not for loan Permanent Location Current Location Shelving location Date acquired Total Checkouts Full call number Barcode Date last seen Price effective from Koha item type Public note
          Military College of Signals (MCS) Military College of Signals (MCS) General Stacks 10/09/2025   358.24,JAN MCS22680 10/09/2025 10/09/2025 Book Almirah No.76, Shelf No.3
© 2023 Central Library, National University of Sciences and Technology. All Rights Reserved.